LEADER 01000nam0 22002531i 450 001 RML0236675 005 20231121125703.0 100 $a20121121d1989 ||||0itac50 ba 101 | $aita 102 $ait 181 1$6z01$ai $bxxxe 182 1$6z01$an 200 1 $a˜A œnew dictionary of economics and banking$dDizionario commerciale$eInglese-Italiano - Italiano-Inglese$eEnglish-Italian - Italian-English$fLivio Codeluppi 210 $aMilano $cCisalpino-Goliardica $d1989 215 $axix,1466 p.$d25 cm 700 1$aCODELUPPI$b, Livio$3RMLV148848$0246552 801 3$aIT$bIT-01$c20121121 850 $aIT-FR0098 899 $aBiblioteca Area Giuridico Economica$bFR0098 912 $aRML0236675 950 0$aBiblioteca Area Giuridico Economica$d 53TER DIZ ING 13$e 53VM 0000053405 VMB A4 barcode:0004611VM$fD $h19931214$i20121204 977 $a 53 996 $aNew dictionary of economics and banking$93619532 997 $aUNICAS